00721nam a2200241 a 4500001001300000003000900013005001700022008004100039020002200080082001500102100001700117245006300134260004300197300001000240500003500250505001000285650002300295700001700318902000800335942000700343952011400350999001500464nice12345678IN_TiNIC20260116013052.0050524s1996 lona grp 000 0 eng  a0415905 c1200a305.4bLEW aLewis, Reina aGendering Orientalismb Race, Feminity and Representation. aLondon bRoutledge Chapman Hall c1996 a267p. aincludes index and biblioraphy2 aIndex aOrientalism-Gender1 aLewis, Reina bSRS cBK 001040708StackRoom-aHMIbHMId2007-03-20g12.00l0o305.4 LEWp019557r2007-03-20v12.00w2005-05-24yBK c9519d9519